01323cam a22003251 4500001001300000003000400013005001700017008004100034010001700075035001900092040002600111042001200137050001600149082001500165086002800180100003200208245008000240260005000320300006000370410007000430490003000500500007000530500012300600650003800723650005800761710002900819830005300848810007900901999001700980gs 37000034 DLC20260227111341.0760223s1937 azua s000 0 eng  ags 37000034  a(OCoLC)2008147 aDLCcAzFUdOCoLCdDLC apremarc00aQE86.A9bG5 a622.0617910 aMN 1.3:B 85/1412azdocs1 aGilluly, James,d1896-1980.10aGeology and ore deposits of the Ajo quadrangle, Arizona,cby James Gilluly. aTucson, Ariz.,bUniversity of Arizonac[1937] a83 p. :bill., tables. IV fold, pl.in pocket. ;c24 cm.20aUniversity of Arizona.bState Bureau of Mines.tBulletinvno. 1411 aGeological series,vno. 9 aUniversity of Arizona bulletin. Vol VIII, no. 1, January 1, 1937. a"Prepared under a co-operative agreement between the Arizona Bureau of mines and the United States Geological survey." 0aGeologyzArizonazAjo quadrangle. 0aMines and mineral resourceszArizonazAjo quadrangle.2 aGeological Survey (U.S.) 0aBulletin (University of Arizona) ;vv. 8, no. 1.2 aUniversity of Arizona.bState Bureau of Mines.tGeological series.vno. 9. c27329d27329